000 01362cam a2200349 a 4500
999 _c219578
_d219578
001 11782100
003 Nust
005 20170214122353.0
008 990826s2000 mau 000 1 eng
010 _a 99046756
020 _a9780747598244
040 _aDLC
_cDLC
_dDLC
043 _an-us-me
050 0 0 _aPS3557.I3415
_bS74 2000
082 0 0 _a813.54
_bGIL
100 1 _aGilbert, Elizabeth,
_d1969-
245 1 0 _aStern men /
_cElizabeth Gilbert.
260 _aBoston :
_bHoughton Mifflin,
_c2000.
300 _a289 p. ;
_c24 cm.
650 0 _aTeenage girls
_vFiction.
650 0 _aLobster fishers
_vFiction.
650 0 _aLobster fisheries
_vFiction.
650 0 _aIslands
_vFiction.
651 0 _aMaine
_vFiction.
655 7 _aBildungsromans.
_2gsafd
655 7 _aLove stories.
_2gsafd
856 4 1 _3Sample text
_uhttp://www.loc.gov/catdir/samples/hm051/99046756.html
856 4 2 _3Publisher description
_uhttp://www.loc.gov/catdir/description/hm022/99046756.html
856 4 2 _3Contributor biographical information
_uhttp://www.loc.gov/catdir/enhancements/fy0736/99046756-b.html
906 _a7
_bcbc
_corignew
_d1
_eocip
_f19
_gy-gencatlg
942 _2ddc
_cBK